Legendary Pokémon There are more Than 1 of - Statistics

General Stats
  • This quiz has been taken 13 times
    4 since last reset
  • The average score is 13 of 26
Answer Stats
Types Answer % Correct
Ice-Flying / Flying-Psychic Articuno (Galarian)
100%
Fire-Flying / Dark-Flying Moltres (Galarian)
75%
Dragon-Flying Rayquaza
75%
Ice Regice
75%
Rock Regirock
75%
Steel Registeel
75%
Grass-Psychic Celebi
50%
Bug-Steel Genesect
50%
Steel-Fire Heatran
50%
Fighting Kubfu
50%
Psychic-Flying Lugia
50%
Water Manaphy
50%
Steel Meltan
50%
Poison-Dragon Naganadel
50%
Water Phione
50%
Poison Poipole
50%
Grass / Grass-Flying Shaymin
50%
Psychic-Steel Solgaleo
50%
Electric-Flying / Fighting-Flying Zapdos (Galarian)
50%
Ground-Dragon Zygarde
50%
Psychic Deoxys
25%
Dark-Dragon Guzzlord
25%
Rock-Poison Nihilego
25%
Normal Type: Null
25%
Dark-Fighting / Water-Fighting Urshifu
25%
Dark-Grass Zarude
25%
No matching quizzes found
Score Distribution
Percent of People with Each Score
Percentile by Number Answered
Your Score History
You have not taken this quiz since the last reset